00654nam a2200181Ia 4500001001000000003000500010008004100015010001100056040000900067082002000076100001700096245012400113260005900237300001300296440003000309500004600339650008700385Para_8350CHAP220125s1917 xx 000 0 und d a207212 cCHAP aPA-C 595.752 A6 aHouser, J.S. aThe pink and green aphid of potato :b macrosephum solanifolii ashm /c by J.S. Houser, and T.L. Guyton and P.R. Lowsy aWooster, Ohio :b Ohio Agricultural Experiment Station a61-88 p. aAphidae; 13 Bulletin; 317 aEncuadernado con otros impresos similares ax Afididos x Colecciones de escritos x Macrosiphum euphorbiae x Papa x plagas